000 00583nam a2200229 a 4500
999 _c5270
_d5270
001 5270
003 BD-JhCC
005 20171211193833.0
008 171128s1960 enk |||| ||a| 000 0 eng d
035 _a(BD-JhCC)5270
040 _aBD-JhCC
_dBD-JhCC
041 _aeng
082 _a531.163
_bLON 1960
100 _aLoney, S. L.
245 _aDynamics of a Particle /
_cS. L. Loney
260 _aLondon :
_bThe Cambridge University Press,
_c1960.
300 _a384 p. :
_c22 cm.
650 _aDynamics
650 _aDynamics of a Particle
942 _2ddc
_cBK